000 00395nam a2200193Ia 4500
001 14361
003 GE_BSU
008 181216s||||||||xx |||||||||||||| ||und||
040 _cGE_BSU
080 _a821.111-311.6
100 _aMcNab,Andy
245 _aAggressor
260 _aLondon
260 _bCorgi books
260 _c2005
300 _a475p.18cm.
653 _aAggressor
942 _cBK
999 _c47497
_d47497